| 000 | 00690nam a2200241Ia 4500 | ||
|---|---|---|---|
| 003 | OSt | ||
| 005 | 20220925215318.0 | ||
| 006 | a|||||r|||| 00| 0 | ||
| 007 | ta | ||
| 008 | 220923b |||||||| |||| 00| 0 eng d | ||
| 020 | _a0435829068 | ||
| 037 | _cGeneral Book | ||
| 040 |
_aRTL _cRTL _beng |
||
| 041 |
_2eng _aeng |
||
| 082 | _aX76.3.N7, M2 | ||
| 100 |
_aWalker Alan Ed. _9282573 |
||
| 245 | 0 |
_aPublic expenditure and social policy _b An exminati |
|
| 260 |
_aLondon _bHeinemann UK _c1982 |
||
| 300 |
_axii, 212p. Bib p 195-206 _ccm. |
||
| 650 |
_aExpenditure _9236431 |
||
| 942 |
_hX76.3.N7, M2 _cGB _2CC |
||
| 999 |
_c568469 _d568469 |
||